01229nam a2200265 a 450000100060000000300080000600500170001400800410003103500190007204000350009104100080012608200250013410000270015924502490018626000680043530000440050350200700054750400320061765000380064970000490068770000510073694200130078799900170080095201460081781555BD-RjUL20230809143642.0230711s2009 bg a|||| m||| 00| 0 eng d a(BD-RjUL)81555 aBD-RjULbengcBD-RjULdBD-RjUL aeng 223a632.76bDAC 2009 aDas, Dipali Rani9796310aCOMBINED ACTION OF ECDYSONE AND AZADIRACHTIN AGAINST THE RED FLOUR BEETLE, TRIBOLIUM CASTANEUM (HERBST) AND RICE WEEVIL, STTOPHILUS ORYZAE (L.) /cDipali Rani Das ;6Principal Supervisor : Selina Parveen, Co-Supervisor : Md. Saiful Islam Faruki aRajshahi :bDepartment of Zoology, University of Rajshahic2009 a[4],iii,[1],235 leaves :bill.;c29 cm. aThesis(Ph.D.)-- Department of Zoology,University of Rajshahi,2009 aReferences : Leaves 154-183 aRed Flour BeetlesxDiseases97964 aParveen, Selina, Principal Supervisor 97965 aFaruki, Md. Saiful Islam, Co-Supervisor 97966 2ddccTHE c81555d81555 102ddc40718THESESaRUCLbRUCLcDoc/Thed2011-05-25eController of Exam. R.U.l0oTHE 632.76 DAC 2009pD3190r2023-07-11 00:00:00tC-1yTHE